Capitales alternant consonnes et voyelles - Statistiques

Statistiques générales
  • Ce quiz a été pris 45 fois
    6 depuis la dernière actualisation
  • Le résultat moyen est 27 sur 43
Statistiques - réponses
Pays % Correct
Paris
100%
Abuja
80%
Bamako
80%
Erevan
80%
Manama
80%
Pékin
80%
Téhéran
80%
Bogota
60%
Caracas
60%
Dakar
60%
Damas
60%
Dili
60%
Dodoma
60%
Doha
60%
Funafuti
60%
Gaborone
60%
Gitega
60%
Harare
60%
Jérusalem
60%
Kigali
60%
La Havane
60%
Lima
60%
Lomé
60%
Lusaka
60%
Malé
60%
Maputo
60%
Maseru
60%
Mexico
60%
Monaco
60%
Moroni
60%
Panama
60%
Paramaribo
60%
Rabat
60%
Riga
60%
Rome
60%
Sarajevo
60%
Suva
60%
Tirana
60%
Tunis
60%
Vaduz
60%
Vatican
60%
Palikir
40%
Tarawa-Sud
40%
Aucun quiz correspondant
Distribution des résultats
% des personnes avec chaque résultat
Percentile par nombre de réponses
Votre historique - résultats
Vous n’avez pas pris ce quiz depuis la dernière actualisation